Générique Tara Duncan - Paroles - Statistiques

Statistiques générales
  • Ce quiz a été pris 46 fois
  • Le résultat moyen est 9 sur 10
Statistiques - réponses
Paroles % Correct
Je {suis} une sortcelière
100%
Je {suis} une sortcelière
98%
Tara {Duncan}
91%
Tara {Duncan}
91%
Magique à part {entière}
89%
Magique à part {entière}
89%
Et ma vie est en {danger}
84%
Tout à la {fois}
84%
Vient me {sauver}
76%
Et le {pouvoir} est mon choix
73%
Aucun quiz correspondant
Distribution des résultats
% des personnes avec chaque résultat
Percentile par nombre de réponses
Votre historique - résultats
Vous n’avez pas pris ce quiz